Descentralización y marco competencial de los gobiernos locales en Centroamérica y República Dominicana /

Pretende formar un panorama general en cuanto a los antecedentes históricos, el marco legal y político, las competencias y la calidad de servicios de las municipalidades de la región Centroamericana, Panamá y República Dominicana así como las particularidades de cada nación en estos campos, incluyen...

Deskribapen osoa

Gorde:
Xehetasun bibliografikoak
Egile korporatiboa: Fundación para el Desarrollo Local y el Fortalecimiento Municipal e Institucional de Centroamérica y el Caribe, Fundación DEMUCA
Formatua: Texto
Argitaratua: San José: DEMUCA
Gaiak:
Etiketak: Etiketa erantsi
Etiketarik gabe, Izan zaitez lehena erregistro honi etiketa jartzen!

MARC

LEADER 00000 a a2200000 04500
001 21897
003
040
090 |a 146100  
110 |a Fundación para el Desarrollo Local y el Fortalecimiento Municipal e Institucional de Centroamérica y el Caribe  
245 |a Descentralización y marco competencial de los gobiernos locales en Centroamérica y República Dominicana /  |c Fundación para el Desarrollo Local y el Fortalecimiento Municipal e Institucional de Centroamérica y el Caribe  
260 |a San José:   |b DEMUCA  
300 |a 135 p   |b **no definido**  
520 |a Pretende formar un panorama general en cuanto a los antecedentes históricos, el marco legal y político, las competencias y la calidad de servicios de las municipalidades de la región Centroamericana, Panamá y República Dominicana así como las particularidades de cada nación en estos campos, incluyendo diagnósticos. Contiene una descripción de la experiencia municipal en España, de utilidad como marco de referencia para motivar el análisis, la discusión y la puesta en marcha de acciones tendientes a alcanzar la autogestión, el fortalecimiento de los recursos locales, la toma de decisiones y la capacidad de accesar al poder con que deben contar las municipalidades para asumir con éxito las exigencias del Estado y la ciudadanía. REV/LCL  
650 |a DESARROLLO LOCAL  
650 |a GOBIERNO LOCAL  
650 |a ASPECTOS JURIDICOS  
650 |a LEGISLACION  
650 |a MARCO INSTITUCIONAL  
650 |a ASPECTOS ADMINISTRATIVOS  
650 |a PARTICIPACION POLITICA  
710 |a Fundación DEMUCA  
999 |c 15185  |d 15185